00227nam a2200097Ia 4500008004100000100001600041245003500057260001600092260000900108546001200117170619s9999 xx 000 0 und d aMeriam- J.L 0aEngineering Mechanics Dynamics bWILEY INDIA c2012 aENGLISH